Statistics for Biggest Cities in Poland - Extreme

Click here to take the quiz!

General Stats

  • This quiz has been taken 95 times
  • The average score is 73 of 200

Answer Stats

PopulationCity% Correct
1,777,972Warsaw
98%
771,069Kraków
97%
466,631Gdańsk
95%
685,285Łódź
89%
640,648Wrocław
89%
294,510Katowice
85%
536,438Poznań
81%
402,465Szczecin
81%
246,309Gdynia
79%
339,682Lublin
76%
202,074Toruń
71%
297,459Białystok
69%
350,178Bydgoszcz
68%
213,029Radom
66%
222,292Częstochowa
65%
193,883Rzeszów
65%
128,137Opole
63%
140,297Zielona Góra
63%
25,370Bielsk Podlaski
60%
123,921Gorzów Wielkopolski
60%
79,480Jelenia Góra
60%
172,362Olsztyn
60%
166,795Bytom
58%
99,752Legnica
58%
120,142Elbląg
56%
107,321Koszalin
56%
109,062Tarnów
56%
63,813Zamość
56%
62,670Chełm
55%
61,928Ełk
55%
179,806Gliwice
55%
195,774Kielce
55%
36,046Sopot
55%
69,827Suwałki
55%
46,367Kołobrzeg
53%
83,896Nowy Sącz
53%
120,000Płock
53%
171,259Bielsko-Biała
52%
61,251Przemyśl
52%
138,696Rybnik
52%
91,007Słupsk
52%
127,831Tychy
52%
73,114Inowrocław
50%
63,000Łomża
50%
73,398Piła
50%
202,036Sosnowiec
50%
108,434Chorzów
48%
100,975Kalisz
48%
74,151Konin
48%
72,581Lubin
48%
138,000Ruda Śląska
48%
112,594Wałbrzych
48%
27,191Zakopane
48%
77,872Siedlce
47%
173,374Zabrze
47%
63,952Leszno
45%
73,670Piotrków Trybunalski
45%
67,938Stargard
45%
40,910Świnoujście
45%
60,279Tczew
45%
110,802Włocławek
45%
30,242Augustów
44%
68,479Gniezno
44%
46,511Krosno
44%
47,774Puławy
44%
57,352Biała Podlaska
42%
120,259Dąbrowa Górnicza
42%
95,045Grudziądz
42%
23,056Jawor
42%
52,262Ostrołęka
42%
47,776Starogard Gdański
42%
67,615Głogów
40%
22,545Ostrów Mazowiecka
40%
72,050Ostrów Wielkopolski
40%
61,182Stalowa Wola
40%
49,789Wejherowo
40%
89,128Jastrzębie-Zdrój
39%
74,586Mysłowice
39%
34,613Cieszyn
37%
61,062Kędzierzyn-Koźle
37%
26,954Kłodzko
37%
54,066Legionowo
37%
38,570Malbork
37%
44,880Otwock
37%
61,784Pruszków
37%
46,087Radomsko
37%
62,456Żory
37%
60,478Mielec
35%
69,051Ostrowiec Świętokrzyski
35%
54,882Racibórz
35%
61,361Tarnowskie Góry
35%
23,395Wieliczka
35%
57,432Bełchatów
34%
44,209Ciechanów
34%
91,563Jaworzno
34%
31,234Mława
34%
28,647Nowy Dwór Mazowiecki
34%
44,044Nysa
34%
38,300Oświęcim
34%
65,283Pabianice
34%
48,119Piaseczno
34%
49,031Rumia
34%
48,965Starachowice
34%
47,047Tarnobrzeg
34%
62,649Tomaszów Mazowiecki
34%
56,529Zgierz
34%
39,904Chojnice
32%
33,373Nowy Targ
32%
23,644Sandomierz
32%
57,310Świdnica
32%
37,682Żary
32%
45,817Dębica
31%
35,367Lębork
31%
45,358Skarżysko-Kamienna
31%
48,178Skierniewice
31%
50,012Świętochłowice
31%
25,812Żagań
31%
30,521Zgorzelec
31%
29,922Bochnia
29%
33,250Iława
29%
44,172Kutno
29%
40,799Mińsk Mazowiecki
29%
56,804Będzin
27%
35,930Brzeg
27%
31,505Grodzisk Mazowiecki
27%
35,192Jasło
27%
55,299Piekary Śląskie
27%
25,810Reda
27%
67,154Siemianowice Śląskie
27%
40,114Szczecinek
27%
31,388Żywiec
27%
34,539Kraśnik
26%
30,878Pruszcz Gdański
26%
42,267Sieradz
26%
48,143Wodzisław Śląski
26%
37,690Jarosław
24%
22,163Płońsk
24%
37,577Sanok
24%
36,462Sochaczew
24%
27,109Turek
24%
36,706Ząbki
24%
38,935Bolesławiec
23%
29,396Giżycko
23%
23,661Kluczbork
23%
38,481Kwidzyn
23%
22,487Polkowice
23%
37,138Wołomin
23%
30,558Września
23%
49,567Zawiercie
23%
33,344Dzierżoniów
21%
28,501Łowicz
21%
40,813Mikołów
21%
32,996Ostróda
21%
39,312Świdnik
21%
25,359Wałcz
21%
42,094Zduńska Wola
21%
39,992Żyrardów
21%
23,609Bartoszyce
19%
36,945Chrzanów
19%
27,597Gorlice
19%
38,402Knurów
19%
23,759Kościerzyna
19%
23,818Lubliniec
19%
38,843Nowa Sól
19%
37,242Oleśnica
19%
32,685Police
19%
23,312Środa Wielkopolska
19%
22,521Wieluń
19%
26,890Wyszków
19%
22,166Zambrów
19%
22,403Goleniów
18%
31,783Luboń
18%
33,914Marki
18%
32,927Oława
18%
35,608Olkusz
18%
27,366Kętrzyn
16%
30,025Łuków
16%
25,829Pszczyna
16%
23,343Szczytno
16%
28,774Brodnica
15%
31,677Czeladź
15%
26,256Jarocin
15%
31,762Myszków
15%
24,362Skawina
15%
24,339Białogard
13%
30,055Bielawa
13%
26,391Biłgoraj
13%
23,923Kościan
13%
29,714Śrem
13%
30,433Swarzędz
13%
35,919Czechowice-Dziedzice
11%
28,969Krotoszyn
11%
28,266Czerwionka-Leszczyny
10%
25,831Świecie
10%
25,648Wągrowiec
10%
22,246Nowa Ruda
8%
22,657Piastów
8%
22,830Świebodzice
8%
23,706Kobyłka
6%
22,334Łaziska Górne
6%

Score Distribution

Percentile by Number Answered

Percent of People with Each Score

Your Score History

You have not taken this quiz